Η παιδαγωγική θεωρία και επιστήμη στην Ελλάδα (18ος και 19ος αιώνας) : βασικοί εκπρόσωποι - αντιπροσωπευτικά κείμενα

Αποθηκεύτηκε σε:
Λεπτομέρειες βιβλιογραφικής εγγραφής
Κύριος συγγραφέας: Φούκας, Βασίλης Α.
Μορφή: Βιβλίο
Γλώσσα:Greek
Δημοσίευση: Αθήνα : Δέσποινα Κυριακίδη, 2014.
Θέματα:
Ετικέτες: Προσθήκη ετικέτας
Δεν υπάρχουν, Καταχωρήστε ετικέτα πρώτοι!

MARC

LEADER 00000cam a2200000 a 4500
001 1/110964
008 160603s2014####gr | ||| |||| ||gre||
020 |a 9786185105204  
040 |a GR-MyUa  |b gre  |c GR-MyUa  |e AACR2 
041 0 |a gre 
082 7 |a 370.9495   |2 (23)  
100 1 |a Φούκας, Βασίλης Α. 
245 1 2 |a Η παιδαγωγική θεωρία και επιστήμη στην Ελλάδα (18ος και 19ος αιώνας) :   |b βασικοί εκπρόσωποι - αντιπροσωπευτικά κείμενα /   |c Βασίλης Α. Φούκας.  
260 |a Αθήνα :   |b Δέσποινα Κυριακίδη,   |c 2014.  
300 |a 398 σ. ;   |c 25 εκ.  
504 |a Περιλαμβάνει βιβλιογραφία.  
650 0 |a Education  |z Greece  |x History. 
852 |a INST  |b LESVOS  |c EUDOXUS  |e 20160603  |h 370.9495 ΦΟΥ  |p 005100058527  |q 005100058527  |t EDX  |y 0 
920 |a Εύδοξος  |b Παραγγελία  |y Λέσβος-ΤΚ  |z 2016-04 
970 |a Τζαφέρη  |b Ευαγγελία  |z 03-06-2016